Humboldt/ (Record no. 3730)

MARC details
000 -LEADER
campo de control de longitud fija 02023nam a22003377a 4500
003 - IDENTIFICADOR DE NÚMERO DE CONTROL
campo de control OSt
005 - FECHA Y HORA DE LA ÚLTIMA TRANSACCIÓN
campo de control 20230525100935.0
008 - DATOS DE LONGITUD FIJA--INFORMACIÓN GENERAL
campo de control de longitud fija 221006b |||||||| |||| 00| 0 eng d
040 ## - FUENTE DE CATALOGACIÓN
Centro/agencia transcriptor Biblioteca Lado V
082 ## - NÚMERO DE LA CLASIFICACIÓN DECIMAL DEWEY
Número de clasificación 700
Número de ítem G599c
110 ## - ENTRADA PRINCIPAL--NOMBRE DE ENTIDAD CORPORATIVA
9 (RLIN) 831
Nombre de entidad corporativa o nombre de jurisdicción como elemento de entrada Goethe-Institut
Término indicativo de función/relación Editor
245 ## - MENCIÓN DEL TÍTULO
Título Humboldt/
260 ## - PUBLICACIÓN, DISTRIBUCIÓN, ETC.
Nombre del editor, distribuidor, etc. SDV Saarbrucker Druckerei und Verlag GmbH
Fecha de publicación, distribución, etc. 2002
Lugar de publicación, distribución, etc. Alemania
300 ## - DESCRIPCIÓN FÍSICA
Dimensiones 21x28cm
Extensión 80p.
366 ## - INFORMACIÓN SOBRE DISPONIBILIDAD COMERCIAL
Nota spa
490 ## - MENCIÓN DE SERIE
Mención de serie 137
Designación de volumen o secuencia 44
Número Internacional Normalizado para Publicaciones Seriadas 0018-7615
505 ## - NOTA DE CONTENIDO CON FORMATO
Nota de contenido con formato Memoria
Información miscelánea La gramática de la memoria colectiva<br/><br/>Mas allá de la voz, mas allá del mito<br/><br/>La memoria como practica social y forma de resistencia<br/><br/>Los cuentos del Abuelo Leonel<br/><br/>El recuerdo selecciona<br/><br/>Fin de una amnesia selectiva<br/><br/>Preservar de la desaparición<br/><br/>Proyectos de vida, fracturas de los tiempos<br/><br/>Kitsch nostálgico o recuperación de un patrimonio cultural destruido<br/><br/>Autodafe<br/><br/>Ya lo has visto?<br/><br/>Memento Mori<br/><br/>La muerte, un tema central en el arte popular mexicano
505 ## - NOTA DE CONTENIDO CON FORMATO
Nota de contenido con formato Notas
505 ## - NOTA DE CONTENIDO CON FORMATO
Nota de contenido con formato Miscelanea
Información miscelánea Mexico 2010<br/><br/>O triste Fim de Policarpo Quaresma<br/><br/>El arte puede favorecer la legibilidad del mundo<br/><br/>Los descubiertos descubren a los descubridores<br/><br/>Patria Portatil<br/><br/>El realismo literario no es una mala copia de la realidad, sino su interpretacion<br/><br/>Se preso!, Se judio!, Se gitano!, Se homosexual!, Se minusvalido mental!<br/><br/>Zonas de baja presion determinan el clima de la region <br/>
505 ## - NOTA DE CONTENIDO CON FORMATO
Nota de contenido con formato Noticiario
650 ## - PUNTO DE ACCESO ADICIONAL DE MATERIA--TÉRMINO DE MATERIA
Fuente del encabezamiento o término Tesauro de Arte & Arquitectura
Término de materia o nombre geográfico como elemento de entrada ARTE
9 (RLIN) 703
650 ## - PUNTO DE ACCESO ADICIONAL DE MATERIA--TÉRMINO DE MATERIA
Fuente del encabezamiento o término Tesauro de Arte & Arquitectura
Término de materia o nombre geográfico como elemento de entrada PINTURA
650 ## - PUNTO DE ACCESO ADICIONAL DE MATERIA--TÉRMINO DE MATERIA
Fuente del encabezamiento o término Tesauro de Arte & Arquitectura
Término de materia o nombre geográfico como elemento de entrada FOTOGRAFIA
9 (RLIN) 702
650 ## - PUNTO DE ACCESO ADICIONAL DE MATERIA--TÉRMINO DE MATERIA
Fuente del encabezamiento o término Tesauro de Arte & Arquitectura
Término de materia o nombre geográfico como elemento de entrada ENTREVISTAS
650 ## - PUNTO DE ACCESO ADICIONAL DE MATERIA--TÉRMINO DE MATERIA
Fuente del encabezamiento o término Tesauro de Arte & Arquitectura
Término de materia o nombre geográfico como elemento de entrada MISCELANEA
650 ## - PUNTO DE ACCESO ADICIONAL DE MATERIA--TÉRMINO DE MATERIA
Fuente del encabezamiento o término Tesauro de Arte & Arquitectura
Término de materia o nombre geográfico como elemento de entrada REPORTAJES
650 ## - PUNTO DE ACCESO ADICIONAL DE MATERIA--TÉRMINO DE MATERIA
Fuente del encabezamiento o término Tesauro de Arte & Arquitectura
Término de materia o nombre geográfico como elemento de entrada ESPAÑOL
650 ## - PUNTO DE ACCESO ADICIONAL DE MATERIA--TÉRMINO DE MATERIA
Fuente del encabezamiento o término Tesauro de Arte & Arquitectura
Término de materia o nombre geográfico como elemento de entrada ARTE EUROPEO
651 ## - PUNTO DE ACCESO ADICIONAL DE MATERIA--NOMBRE GEOGRÁFICO
Fuente del encabezamiento o término Tesauro de Arte & Arquitectura
Nombre geográfico ALEMANIA
942 ## - ELEMENTOS DE ENTRADA SECUNDARIOS (KOHA)
Fuente del sistema de clasificación o colocación Clasificación Decimal Dewey
Tipo de ítem Koha Libros
Parte de la signatura que corresponde a la clasificación (Parte de la clasificación) 700
Parte de la signatura que identifica el ejemplar (Parte del ítem) G599c
Suprimir en OPAC No
Holdings
Estatus retirado Estado de pérdida Fuente del sistema de clasificación o colocación Especificación de materiales (volumen encuadernado u otra parte) Estado de daño No para préstamo Colección Biblioteca de origen Biblioteca actual Fecha de adquisición Enumeración/cronología de publicación seriada Número de inventario Total de préstamos Signatura topográfica completa Código de barras Visto por última vez Precio de reemplazo Tipo de ítem Koha
    Clasificación Decimal Dewey 44     Revistas Biblioteca LadoV Biblioteca LadoV 25/05/2023 137 003410   700 G599h 003410 25/05/2023 25/05/2023 Libros